Opcia ako inovatívny nástroj pre verejných obstarávateľov na fixáciu ceny v čase

Cieľom tohto článku je preskúmať možnosti využitia opcií ako nástroja pre verejných obstarávateľov na fixáciu cien v čase. Článok sa zameriava na analýzu právnych a finančných aspektov implementácie opcií do verejného obstarávania, identifikáciu potenciálnych rizík a výziev, a návrh opatrení na ich...

Full description

Saved in:
Bibliographic Details
Main Author: Elznic, Dušan
Format: Book Chapter
Language:Slovak
Subjects:
Tags: Add Tag
No Tags, Be the first to tag this record!

MARC

LEADER 00000naa a2200000 4500
001 0313523
005 20251209103842.0
041 0 |a slo 
044 |a SK 
245 1 0 |a Opcia ako inovatívny nástroj pre verejných obstarávateľov na fixáciu ceny v čase  |c Dušan Elznic 
520 |a Cieľom tohto článku je preskúmať možnosti využitia opcií ako nástroja pre verejných obstarávateľov na fixáciu cien v čase. Článok sa zameriava na analýzu právnych a finančných aspektov implementácie opcií do verejného obstarávania, identifikáciu potenciálnych rizík a výziev, a návrh opatrení na ich minimalizáciu. 
610 2 0 |a obstarávanie verejné 
610 2 0 |a opcie 
610 2 0 |a fixing 
610 2 0 |a ceny 
610 2 0 |a riziko 
610 2 0 |a zákonník obchodný 
100 1 |a Elznic, Dušan